000 00525nam a2200169Ia 4500
005 20250508155921.0
008 008 250505s9999 xx 000 0 eng d
037 _aTextual
040 _aFEDL
_beng
_cFEDL
041 _aeng
_2eng
084 _a374.058, UNE
_qFEDL
245 0 _aInternational directory of adult education
260 _aParis, France
_bUnited Nations Educational, Scientific and Cultural Organization
_c1950
300 _a373p.
942 _cTEXL
_h374.058, UNE
999 _c1360064
_d1360064